00601cam a22001457a 4500008004000000082001500040100009900055245012100154260004300275300001100318500003200329650002700361700003400388700003300422180718b2000 xxu||||| |||| 00| 0 eng d aZ2x54 J668 aIndia. Lok Sabha. Joint Committee on the Protection of Plant Varities and Farmers' Rights Bill aJoint Committee on the Protection of Plant Varities and Farmers' Rights Bill, 1999: ReportcBy Lok Sabha Secretariat aNew DelhibLok Sabha Secretariatc2000 a124+p. aChairman: Sahib Singh Verma aPlant varities - India aVerma, Sahib Singh (Chairman) aIndia. Lok Sabha Secretariat